000 02704cam0 2200505 ib4500
001 BY-MI0000-br2147952899
005 20250731104004.0
010 ^a978-5-17-150311-6
^bв переплете
035 ^a(BY-MI0000)BY-MI0000-br2147952899
100 ^a20250724d2025 a y0rusy5050 ca
101 0 ^arus
102 ^aRU
105 ^aa z 000fy
109 ^ama
200 1 ^a"А голову мы дома не забыли!"
^eсамые смешные истории о школе, рассказанные классными классиками и классными современниками
^eсборник
^e[для младшего школьного возраста]
^fА. Аверченко [и др.]
210 ^aМосква
^cАСТ
^d2025
215 ^a254 c.
^cил.
^d21 см
225 1 ^aСерия "Камеди класс!"
333 ^a6+
345 ^92000 экз. (дополнительный тираж)
606 ^aРАССКАЗЫ
^3BY-NLB-ar2670465
^2DVNLB
606 ^aРУССКАЯ ЛИТЕРАТУРА
^3BY-NLB-ar28702
^2DVNLB
606 ^aХУДОЖЕСТВЕННАЯ ЛИТЕРАТУРА
^3BY-NLB-ar37179
^2DVNLB
608 ^aПРОЗА (лит. произведение)
^3BY-NLB-ar2648148
^2BYGNR
608 ^aДЕТСКАЯ И ЮНОШЕСКАЯ ЛИТЕРАТУРА (художеств. произведение)
^3BY-NLB-ar9019
^2BYGNR
686 ^a84(2Рос)6-4
^2rubbk
690 ^a1
^2Base
^9BY-MI0000
^xRSEK
701 1 ^aАверченко
^bА. Т.
^gАркадий Тимофеевич
^cписатель
^f1881—1925
^3BY-NLB-ar135164
701 1 ^aПивоварова
^bИ. М.
^gИрина Михайловна
^cписательница
^f1939—1986
^3BY-SEK-137523
701 1 ^aДрагунский
^bВ. Ю.
^gВиктор Юзефович
^cписатель
^f1913—1972
^3BY-NLB-ar99376
701 1 ^aГамаюн
^bВ.
^gВера
701 1 ^aЦыпкин
^bА. Е.
^gАлександр Евгеньевич
^cавтор прозы
^fрод. 1975
^3BY-NLB-ar12674797
701 1 ^aЗимова
^bА.
^gАнна
^3BY-SEK-ar13273465
701 1 ^aЯкунина
^bМ.
^gМария
701 1 ^aЩелкунова
^bС.
^gСветлана
701 1 ^aПальванова
^bЕ.
^gЕлена
701 1 ^aЕгоров
^bА.
^gАлександр
701 1 ^aАбгарян
^bН. Ю.
^gНаринэ Юрьевна
^cписательница
^fрод. 1971
^3BY-SEK-ar5194640
701 1 ^aРодионов
^bИ.
^gИгорь
701 1 ^aМедведева
^bВ.
^gВиктория
801 0 ^aBY
^bBY-MI0000
^c20250724
^gRCR
899 0 ^aBY-MI0000
^iА11
^h84(2Рос)6